All My Sons / (Record no. 2710)
[ view plain ]
| 000 -LEADER | |
|---|---|
| fixed length control field | 00520nam a22001937a 4500 |
| 003 - CONTROL NUMBER IDENTIFIER | |
| control field | OSt |
| 005 - DATE AND TIME OF LATEST TRANSACTION | |
| control field | 20230811152646.0 |
| 008 - FIXED-LENGTH DATA ELEMENTS--GENERAL INFORMATION | |
| fixed length control field | 230811b ||||| |||| 00| 0 eng d |
| 020 ## - INTERNATIONAL STANDARD BOOK NUMBER | |
| International Standard Book Number | 9780141189970 |
| 040 ## - CATALOGING SOURCE | |
| Transcribing agency | KH8 |
| 082 ## - DEWEY DECIMAL CLASSIFICATION NUMBER | |
| Classification number | 812.52 MIL |
| 100 ## - MAIN ENTRY--PERSONAL NAME | |
| Personal name | Miller, Arthur, |
| Relator term | author. |
| 245 ## - TITLE STATEMENT | |
| Title | All My Sons / |
| Statement of responsibility, etc. | Arthur Miller. |
| 260 ## - PUBLICATION, DISTRIBUTION, ETC. | |
| Name of publisher, distributor, etc. | Penguin Classics, |
| Date of publication, distribution, etc. | 2009. |
| 300 ## - PHYSICAL DESCRIPTION | |
| Extent | 128 pages, |
| Dimensions | 19.8 x 0.7 x 12.9 cm. |
| 650 ## - SUBJECT ADDED ENTRY--TOPICAL TERM | |
| Topical term or geographic name entry element | English |
| Form subdivision | Fiction book |
| 700 ## - ADDED ENTRY--PERSONAL NAME | |
| Personal name | Bigsby, Christopher, |
| Relator term | Introduction. |
| 942 ## - ADDED ENTRY ELEMENTS (KOHA) | |
| Source of classification or shelving scheme | |
| Koha item type | Teaching Resources |
| Withdrawn status | Lost status | Source of classification or shelving scheme | Damaged status | Not for loan | Collection code | Permanent Location | Current Location | Shelving location | Date acquired | Full call number | Barcode | Date last seen | Price effective from | Koha item type |
|---|---|---|---|---|---|---|---|---|---|---|---|---|---|---|
| Teaching Resources | KH8 Senior School Library | KH8 Senior School Library | Staff Office | 2023-08-11 | 812.52 MIL | TRKHSL001995 | 2023-08-11 | 2023-08-11 | Teaching Resources | |||||
| Teaching Resources | KH8 Senior School Library | KH8 Senior School Library | Staff Office | 2023-08-11 | 812.52 MIL | TRKHSL001996 | 2023-08-11 | 2023-08-11 | Teaching Resources | |||||
| Teaching Resources | KH8 Senior School Library | KH8 Senior School Library | Staff Office | 2023-08-11 | 812.52 MIL | TRKHSL001997 | 2023-08-11 | 2023-08-11 | Teaching Resources | |||||
| Teaching Resources | KH8 Senior School Library | KH8 Senior School Library | Staff Office | 2023-08-11 | 812.52 MIL | TRKHSL001998 | 2023-08-11 | 2023-08-11 | Teaching Resources | |||||
| Teaching Resources | KH8 Senior School Library | KH8 Senior School Library | Staff Office | 2023-08-11 | 812.52 MIL | TRKHSL001999 | 2023-08-11 | 2023-08-11 | Teaching Resources | |||||
| Teaching Resources | KH8 Senior School Library | KH8 Senior School Library | Staff Office | 2023-08-11 | 812.52 MIL | TRKHSL002000 | 2023-08-11 | 2023-08-11 | Teaching Resources | |||||
| Teaching Resources | KH8 Senior School Library | KH8 Senior School Library | Staff Office | 2023-08-11 | 812.52 MIL | TRKHSL002001 | 2023-08-11 | 2023-08-11 | Teaching Resources | |||||
| Teaching Resources | KH8 Senior School Library | KH8 Senior School Library | Staff Office | 2023-08-11 | 812.52 MIL | TRKHSL002002 | 2023-08-11 | 2023-08-11 | Teaching Resources | |||||
| Teaching Resources | KH8 Senior School Library | KH8 Senior School Library | Staff Office | 2023-08-11 | 812.52 MIL | TRKHSL002003 | 2023-08-11 | 2023-08-11 | Teaching Resources | |||||
| Teaching Resources | KH8 Senior School Library | KH8 Senior School Library | Staff Office | 2023-08-11 | 812.52 MIL | TRKHSL002004 | 2023-08-11 | 2023-08-11 | Teaching Resources |